AH International Schools' Libraries

Passionate leadership in education / (Record no. 49548)

MARC details
000 -LEADER
fixed length control field 00499aam a2200145 a 4500
001 - CONTROL NUMBER
control field 014524921
020 ## - INTERNATIONAL STANDARD BOOK NUMBER
International Standard Book Number 9781412948623 (pbk.) :
245 00 - TITLE STATEMENT
Title Passionate leadership in education /
Statement of responsibility, etc edited by Brent Davies and Tim Brighouse.
260 ## - PUBLICATION, DISTRIBUTION, ETC. (IMPRINT)
Place of publication, distribution, etc Los Angeles ;
-- London :
Name of publisher, distributor, etc SAGE,
Date of publication, distribution, etc c2008.
300 ## - PHYSICAL DESCRIPTION
Extent xiii, 210 p. ;
Dimensions 25 cm.
504 ## - BIBLIOGRAPHY, ETC. NOTE
Bibliography, etc Includes bibliographical references and index.
650 #0 - SUBJECT ADDED ENTRY--TOPICAL TERM
Topical term or geographic name as entry element Educational leadership.
9 (RLIN) 86683
650 #0 - SUBJECT ADDED ENTRY--TOPICAL TERM
Topical term or geographic name as entry element School management and organization.
9 (RLIN) 86684
942 ## - ADDED ENTRY ELEMENTS (KOHA)
Source of classification or shelving scheme
Koha item type Teacher's Resources
Holdings
Withdrawn status Lost status Source of classification or shelving scheme Damaged status Not for loan Collection code Home library Current library Shelving location Date acquired Full call number Barcode Date last seen Price effective from Koha item type
          TEACHERS' RESOURCES Asian Hope Secondary Library Asian Hope Secondary Library SECONDARY 09/10/2025 371.2 DAV 208319 09/10/2025 09/10/2025 Teacher's Resources

For any Logos Library related questions please contact Miss Art at swongnarasuk@asianhope.org.

For any Asian Hope Library related questions please contact Miss Raza at graza@asianhope.org.

Powered by Koha